Fighting Talk Champion of Champions Winners - Statistics

General Stats
  • This quiz has been taken 23 times
    5 since last reset
  • The average score is 10 of 12
Answer Stats
Year Winner % Correct
2010 Bob Mills
100%
2017 Richard Osman
100%
2018 Richard Osman
100%
2012 Steve Bunce
100%
2020 Elis James
80%
2014 Justin Moorhouse
80%
2013 Martin Kelner
80%
2019 Martin Kelner
80%
2021 Natalie Pike
80%
2015 Paul Sinha
80%
2016 Paul Sinha
80%
2011 Tom Watt
60%
No matching quizzes found
Score Distribution
Percent of People with Each Score
Percentile by Number Answered
Your Score History
You have not taken this quiz since the last reset